[Event "Kemerovo op"]
[Site "Kemerovo"]
[Date "2008.08.27"]
[Round "7"]
[White "Sazhinov, Alexander"]
[Black "Kljucharev, Sergey"]
[Result "1/2-1/2"]
[WhiteElo "2280"]
[BlackElo "2414"]
[PlyCount "161"]
[EventDate "2008.08.23"]
[EventType "swiss"]
[EventRounds "9"]
[EventCountry "RUS"]
[SourceTitle "CBM 126 Extra"]
[Source "ChessBase"]
[SourceDate "2008.11.05"]
[SourceVersion "1"]
[SourceVersionDate "2008.11.05"]
[SourceQuality "1"]

1. e4 c5 2. Nf3 e6 3. d4 cxd4 4. Nxd4 Nf6 5. Nc3 Nc6 6. Nxc6 bxc6 7. e5 Nd5 8. Nxd5 cxd5 9. Bd3 d6 10. f4 Qc7 11. 0-0 g6 12. Be3 Bg7 13. Bb5+ Bd7 14. exd6 Qxd6 15. Bxd7+ Kxd7 16. c3 Rhc8 17. Qg4 Rc4 18. Qh4 h5 19. Rad1 Ke8 20. Rf2 a5 21. g4 hxg4 22. Qxg4 Ke7 23. Rf3 Rh8 24. Rh3 Rxh3 25. Qxh3 Qb8 26. Rd2 a4 27. Qh4+ Bf6 28. Qf2 Qb5 29. Qe2 Qc6 30. a3 Re4 31. Qf2 Qc4 32. h3 Kf8 33. Kg2 Kg7 34. Qe2 Qxe2+ 35. Rxe2 Rc4 36. Rd2 Kf8 37. Bd4 Bxd4 38. Rxd4 Rxd4 39. cxd4 Ke7 40. Kf3 f6 41. Ke3 Kd6 42. Kd3 e5 43. fxe5+ fxe5 44. dxe5+ Kxe5 45. b3 axb3 46. Kc3 Ke4 47. Kxb3 Kd3 48. a4 d4 49. a5 Ke3 50. a6 d3 51. a7 d2 52. Kc2 Ke2 53. a8Q d1Q+ 54. Kc3 Qd3+ 55. Kb4 Kf2 56. Qh1 Qd6+ 57. Kc4 Qf4+ 58. Kd5 g5 59. Qe4 Kg3 60. Qd3+ Kh2 61. Ke6 Kg2 62. Qf5 Qh4 63. Qd5+ Kxh3 64. Qf3+ Qg3 65. Qh5+ Kg2 66. Qe2+ Kg1 67. Qd1+ Kf2 68. Qd2+ Kf3 69. Qd3+ Kf4 70. Qd4+ Kf3 71. Qd3+ Kg2 72. Qe2+ Kh1 73. Qf1+ Kh2 74. Qe2+ Kh3 75. Qh5+ Qh4 76. Qf3+ Kh2 77. Kf5 Qh7+ 78. Kxg5 Qg8+ 79. Kf4 Qf7+ 80. Ke4 Qxf3+ 81. Kxf3 1/2-1/2

[Event "Kemerovo op"]
[Site "Kemerovo"]
[Date "2008.08.27"]
[Round "6"]
[White "Starkov, S."]
[Black "Sazhinov, Alexander"]
[Result "1/2-1/2"]
[WhiteElo "2292"]
[BlackElo "2280"]
[PlyCount "93"]
[EventDate "2008.08.23"]
[EventType "swiss"]
[EventRounds "9"]
[EventCountry "RUS"]
[SourceTitle "CBM 126 Extra"]
[Source "ChessBase"]
[SourceDate "2008.11.05"]
[SourceVersion "1"]
[SourceVersionDate "2008.11.05"]
[SourceQuality "1"]

1. e4 c5 2. Nf3 a6 3. c4 e6 4. d4 cxd4 5. Nxd4 Nf6 6. Bd3 Nc6 7. Nxc6 dxc6 8. 0-0 e5 9. Bg5 Bc5 10. Qc2 0-0 11. Nd2 h6 12. Bh4 Bd4 13. Nf3 Bg4 14. Bxf6 gxf6 15. Nxd4 Qxd4 16. Be2 Be6 17. Rad1 Qc5 18. Qc3 a5 19. Qg3+ Kh7 20. Qh4 Rg8 21. Qxf6 Rg6 22. Qh4 Rag8 23. g3 Rg5 24. Kg2 Qb4 25. b3 a4 26. Rd3 b5 27. f4 exf4 28. Qxf4 bxc4 29. bxc4 Qxc4 30. a3 R8g7 31. Re3 Qd4 32. h4 Rc5 33. Rd1 Qe5 34. Qxe5 Rxe5 35. Rc1 f5 36. Rxc6 Bd5 37. Ra6 f4 38. Rc3 Bxe4+ 39. Kh2 Rf5 40. g4 f3 41. Bf1 Rxg4 42. Rxa4 Rxh4+ 43. Kg3 Rh1 44. Rxe4 Rxf1 45. Rc7+ Kg6 46. Rc6+ Kf7 47. Rc7+ 1/2-1/2

[Event "Berdsk Maestro op 14th"]
[Site "Berdsk"]
[Date "2008.07.13"]
[Round "6"]
[White "Dolgov, Alexander"]
[Black "Sazhinov, Alexander"]
[Result "0-1"]
[WhiteElo "2043"]
[BlackElo "2280"]
[PlyCount "82"]
[EventDate "2008.07.08"]
[EventType "swiss"]
[EventRounds "9"]
[EventCountry "RUS"]
[SourceTitle "CBM 125 Extra"]
[Source "ChessBase"]
[SourceDate "2008.09.01"]
[SourceVersion "1"]
[SourceVersionDate "2008.09.01"]
[SourceQuality "1"]

1. e4 c5 2. Nc3 a6 3. f4 b5 4. Nf3 Bb7 5. d3 e6 6. g3 d5 7. Bg2 b4 8. Ne2 dxe4 9. Ng5 Nf6 10. Nxe4 Qb6 11. c3 Be7 12. 0-0 0-0 13. Kh1 c4 14. Nxf6+ Bxf6 15. d4 Bxg2+ 16. Kxg2 Nc6 17. Ng1 Ne7 18. Qe2 Nd5 19. Bd2 Rab8 20. Qxc4 bxc3 21. bxc3 Qa5 22. Qd3 Rb2 23. Rfb1 Rfb8 24. Ne2 g6 25. c4 Rxd2 26. Rxb8+ Kg7 27. Qf3 Bxd4 28. Re1 Ne3+ 29. Kh1 Rb2 30. Rc1 Rxb8 31. Nxd4 Qd2 32. Ne2 Rb2 33. c5 Qxe2 34. Qxe2 Rxe2 35. c6 Nd5 36. c7 Nxc7 37. Rxc7 Rxa2 38. Kg1 a5 39. Ra7 g5 40. g4 h6 41. h3 Kf6 0-1